000 00495nam a2200157 i 4500
001 129290
003 ES-MaACL
005 20230906193455.0
007 t|
008 070611s1910 sp ||||1| spa d
100 1 _aTerrades y Plá, Francisco.
_9109774
245 1 0 _aEstudio histológico del endometrio de los miomas uterinos /
_cFrancisco Terradas y Plá.
260 _aBarcelona :
_b[s.n.],
_c1910 (
_fTipolet de Salvá y Cia.)
502 _aTesis doctoral.
852 _aES-MaACL
_jT-1225-F-7
999 _c129290
_d129290